| 000 | 00574nam a2200217 a 4500 | ||
|---|---|---|---|
| 999 |
_c4654 _d4654 |
||
| 001 | 4654 | ||
| 003 | BD-JhCC | ||
| 005 | 20171129171206.0 | ||
| 008 | 171129s19391953ii a|||| ||a| 001 0 eng d | ||
| 035 | _a(BD-JhCC)4654 | ||
| 040 |
_aBD-JhCC _dBD-JhCC |
||
| 041 | _aeng | ||
| 082 |
_a910 _bSTE 1939 |
||
| 100 | _aStembridge, Jasper H. | ||
| 245 |
_aThe World / _cJasper H. Stembridge _b A General Regional Geography |
||
| 260 |
_aDelhi : _bOxford University Press, _c1939. |
||
| 300 |
_a530 p. : _c18 cm. _billu; |
||
| 650 | _aGeopraphy | ||
| 942 |
_2ddc _cBK |
||